01593nam a2200193Ia 450000500170000000800410001702000180005805000230007608200210009910000510012024501550017125000180032626000360034430000400038050001780042050507400059865000320133865000290137020231102150944.0120626s19942011mx a g 000 0 spa d a978607150617704aHD37.E76bH47 201104a650bH557in 20111 aHernández y Rodríguez, Sergio Jorgeeautor10aIntroducción a la administraciónb : teoría general administrativa : origen, evolución y vanguardiac / Sergio Jorge Hernández y Rodríguez a5a edición 3 aMéxicob: McGraw-Hillc, 2011 axx, 456 páginasb : ilustraciones aIncluye: glosario de términos contables-administrativos en náhuatl (p. 427) glosario (pp. 429-442) índice onomástico (pp. 443-445) índice analítico (pp. 447-456)1 aAdministración, empresa y su gestión Orígenes de la administración Enfoque clásico de la administración Escuela de las relaciones humanas Escuela estructuralista Escuela de sistemas Escuela cuantitativa Toma de decisiones Neohumanorrelacionismo. Comportamiento, aprendizaje, motivación Administración por objetivos Liderazgo situacional Del desarrollo organizacional (DO) al aprendizaje organizacional (AO) Planeación estratégica (PE) Enfoque de la calidad Certificaciones de calidad y competencias laborales Re ingeniería y capital intelectual Megatendencias en la administración empresarial y perspectivas de la teoría general administrativa La administración y la gerencia en el ámbito hispanoamericano14aADMINISTRACIÓN zMÉXICO24aORGANIZACIÓNzMÉXICO